Geography Starting With a C and Ending in an A - Statistics

General Stats
  • This quiz has been taken 1,360 times
  • The average score is 11 of 20
Answer Stats
Hint Answer % Correct
Country with the second highest number of inhabitants China
97%
… Brava, … Del Sol, … Rica Costa
97%
Banff National Park is located in this country Canada
96%
Country where they speak Khmer Cambodia
95%
American state with a bear on its flag California
94%
Name of the capital of the country to which the emu is endemic Canberra
88%
Contested peninsula in the Black Sea Crimea
88%
Napoleon was born on this island Corsica
85%
Camilla Cabello sings about the capital of this country Cuba
79%
African city with presumably many white houses? Casablanca
73%
This river has the greatest flow of any North American river entering the Pacific Columbia
55%
Region in the toe of Italy Calabria
45%
Poetic name used to refer to Scotland Caledonia
39%
South Brazilian city which was awarded the Global Sustainable City Award in 2010 Curitiba
27%
Chinese city in the region of Hunan, also called the ‘Star City’ Changsha
23%
City on both the Guadalquivir and Suquía rivers Córdoba
23%
Big Bolivian city also known as the ‘City of Eternal Spring’ Cochabamba
16%
… Valley, a National Park near Cleveland Cuyahoga
15%
Another name for Lake Nicaragua is Lake … Cocibolca
3%
National Park in Eastern Angola Cameia
2%
No matching quizzes found
Score Distribution
Percent of People with Each Score
Percentile by Number Answered
Your Score History
You have not taken this quiz